Normal view
MARC view
- Shahzad Waseem
Entry Personal Name
001 - CONTROL NUMBER
- control field: 123327
003 - CONTROL NUMBER IDENTIFIER
- control field: NUST
005 - DATE AND TIME OF LATEST TRANSACTION
- control field: 20240607100254.0
008 - FIXED-LENGTH DATA ELEMENTS
- fixed length control field: 240607|| aca||aabn | a|a d
040 ## - CATALOGING SOURCE
- Original cataloging agency: NUST
- Transcribing agency: NUST
100 ## - HEADING--PERSONAL NAME
- Personal name: Shahzad Waseem
670 ## - SOURCE DATA FOUND
- Source citation: Work cat.: (NUST): Shahzad Waseem , Multi-Gesture Decoding using Hybrid EMG-IMU for Rehabilitation Applications/
